Normal view MARC view

Entry Personal Name

Number of records used in: 1

001 - CONTROL NUMBER

  • control field: 547965

003 - CONTROL NUMBER IDENTIFIER

  • control field: OSt

005 - DATE AND TIME OF LATEST TRANSACTION

  • control field: 20220930092137.0

008 - FIXED-LENGTH DATA ELEMENTS

  • fixed length control field: 220930|| aca||aabn | a|a d

040 ## - CATALOGING SOURCE

  • Original cataloging agency: OSt
  • Transcribing agency: OSt

100 ## - HEADING--PERSONAL NAME

  • Personal name: University of Delhi. Faculty of Medical Science. Department of Neonatology

670 ## - SOURCE DATA FOUND

  • Source citation: Work cat.: (OSt)883302: Shyam Sunder S 547963, Role of endotracheal suction on the occurence of meconium aspiration syndrome in non vigorous meconium stained neonated , 2013
Copyright @ Delhi University Library System